| 000 | 00570nam a2200193Ia 4500 | ||
|---|---|---|---|
| 003 | OSt | ||
| 005 | 20250307113305.0 | ||
| 008 | 210210b2003 xxu||||| |||| 00| 0 eng d | ||
| 040 | _cAL | ||
| 041 | _aKannada | ||
| 082 | _aK894.3 PREP | ||
| 100 |
_aPREMABHAT. _dಪ್ರೇಮಾಭಟ್ _9204777 |
||
| 245 |
_aPallata:samajika kadambari. _bಪಲ್ಲಟ:ಸಾಮಾಜಿಕ ಕಾದಂಬರಿ |
||
| 260 |
_aBengaluru _bKannada Sahithya Parishattu., _c2003 |
||
| 300 | _aiv,115 | ||
| 690 |
_aKannada Fiction _9204778 |
||
| 906 | _aSG04116 | ||
| 942 |
_2ddc _cBK |
||
| 999 |
_c115060 _d115060 |
||